[Event "Belgrade"]
[Site "Belgrade"]
[Date "1984.??.??"]
[Round "?"]
[White "Raicevic, Momcilo"]
[Black "Mirkovic, Slobodan"]
[Result "1/2-1/2"]
[WhiteElo "2375"]
[BlackElo "2295"]

1.c4 e6 2.g3 d5 3.Bg2 Nf6 4.d4 Be7 5.Nf3 O-O 6.O-O Nbd7 7.Qc2 c6 8.Rd1 b6
9.Nbd2 Bb7 10.e4 Rc8 11.e5 Ne8 12.Nf1 dxc4 13.Qxc4 Nc7 14.h4 Nd5 15.Bg5 h6
16.Bxe7 Qxe7 17.N1d2 c5 18.Qe2 cxd4 19.Nxd4 Nc5 20.Ne4  1/2-1/2

[Event "Belgrade"]
[Site "Belgrade"]
[Date "1984.??.??"]
[Round "?"]
[White "Raicevic, Momcilo"]
[Black "Vujacic, Borivoje"]
[Result "0-1"]
[WhiteElo "2375"]
[BlackElo "2370"]

1.c4 Nf6 2.g3 e6 3.Bg2 d5 4.d4 Be7 5.Nf3 O-O 6.O-O b6 7.cxd5 exd5 8.Nc3 Bb7
9.Ne5 Na6 10.Qa4 Qe8 11.Qb3 c6 12.Bf4 Nh5 13.Bd2 Bd6 14.f4 Nf6 15.Rfe1 Nc7
16.e4 Ne6 17.exd5 Nxd4 18.Qd1 Qc8 19.Be3 c5 20.Nc6 Re8 21.Bxd4 Rxe1+ 22.Qxe1 cxd4
23.Ne4 Nxe4 24.Bxe4 Qd7 25.Qd2 Re8 26.Bf3 a5 27.a3 a4 28.Re1 Bc5 29.Kg2 Re3
30.Ne5 Qb5 31.Ng4 Rxe1 32.Qxe1 Ba6 33.Nf2 g6 34.f5 gxf5 35.Bh5 Qd7 36.Qd2 Qxd5+
37.Bf3 Qd8 38.Nh3 Qe7 39.Qh6 Qe3 40.Ng5 Qd2+ 41.Kh3 Bf1+  0-1

[Event "Berlin op"]
[Site "Berlin-West"]
[Date "1984.??.??"]
[Round "5"]
[White "Brunner, Lucas"]
[Black "Schmieke, Marcus"]
[Result "1-0"]
[WhiteElo "2200"]
[BlackElo "2200"]

1.d4 d5 2.c4 e6 3.Nf3 Nf6 4.g3 Be7 5.Bg2 O-O 6.O-O c5 7.cxd5 Nxd5 8.Nc3 Nxc3
9.bxc3 Nc6 10.e4 Bf6 11.Bb2 cxd4 12.cxd4 Rb8 13.Rb1 Na5 14.Qd3 b5 15.Ba3 Re8
16.Rxb5 Ba6 17.Rxb8 Bxd3 18.Rxd8 Bxd8 19.Re1 Bc4 20.Bf1 Bb6 21.Bxc4 Nxc4
22.Bb4 a5 23.Bc5 Bxc5 24.dxc5 Kf8 25.Rc1 Nb2 26.Ne5 Rc8 27.Rb1 Na4 28.Rb5 f6
29.Nd7+ Ke8 30.Rxa5 Kxd7 31.Rxa4 Rxc5 32.Ra7+ Kd6 33.Rxg7 Ra5 34.Rxh7 Rxa2
35.Rh5  1-0

[Event "Berlin op"]
[Site "Berlin-West"]
[Date "1984.??.??"]
[Round "9"]
[White "Smejkal, Jan"]
[Black "Brueckner, Thomas"]
[Result "1-0"]
[WhiteElo "2540"]
[BlackElo "2265"]

1.Nf3 d5 2.d4 Nf6 3.c4 e6 4.g3 Be7 5.Bg2 O-O 6.O-O dxc4 7.Qc2 a6 8.Qxc4 b5
9.Qc2 Bb7 10.Bd2 Ra7 11.Rc1 Be4 12.Qd1 Nbd7 13.Ba5 Qb8 14.Nbd2 Bd5 15.Qe1 c5
16.e4 Ba8 17.Qe2 Rc8 18.h3 cxd4 19.Nxd4 Bc5 20.N2b3 Bb6 21.Rxc8+ Qxc8 22.a4 e5
23.Nf5 Qc4 24.Qxc4 bxc4 25.Bxb6 Nxb6 26.a5 Nbd7 27.Nd2 Rc7 28.Rc1 Rc5 29.Nxc4 Bxe4
30.b4 Rc7 31.Nfd6 Bxg2 32.Kxg2 Kf8 33.b5 axb5 34.Nxb5 Rc6 35.Nbd6 Ne8 36.Nxe8 Kxe8
37.Kf3 Ke7 38.Ke3 Ke6 39.Kd3 Nc5+ 40.Kc3 Ne4+ 41.Kb4 Nd6 42.Rc3 Ne4 43.Re3 Kd5
44.Rd3+ Ke6 45.Ra3 Nc5 46.Kb5 Rc8 47.a6 Ne4 48.a7 Nxf2 49.a8=Q Rxa8 50.Rxa8 Nxh3
51.Ne3 e4 52.Kc4  1-0

[Event "BCF-ch"]
[Site "Brighton"]
[Date "1984.??.??"]
[Round "10"]
[White "Parameswaran, Tiruchi N"]
[Black "Garwell, Jane"]
[Result "1-0"]
[WhiteElo "2365"]
[BlackElo "2100"]

1.d4 Nf6 2.Nf3 e6 3.g3 d5 4.c4 Be7 5.Bg2 O-O 6.O-O Nbd7 7.Qc2 Ne4 8.Nc3 Ndf6
9.Rd1 c6 10.Ne5 Nxc3 11.Qxc3 a5 12.Qc2 Qc7 13.Bf4 Qb6 14.c5 Qd8 15.b3 Nd7
16.Nxd7 Bxd7 17.e4 f6 18.exd5 exd5 19.Re1 Bg4 20.Re3 Qd7 21.Rae1 Rfe8 22.h4 Bf8
23.Qd2 Rxe3 24.Qxe3 Kf7 25.Kh2 h6 26.f3 Bf5 27.g4 Bh7 28.Qd2 g5 29.Bg3 Be7
30.Bf1 Bd8 31.Bd3 Bxd3 32.Qxd3 Kg7 33.h5 Qf7 34.Bd6 Kg8 35.Kh3 a4 36.b4 a3
37.Qf5 Kg7 38.Re3 Kg8 39.Qg6+ Qxg6 40.hxg6 Kg7 41.Re8 Kxg6 42.Be7 Kf7 43.Rxd8 Ra4
44.Bd6 Rxb4 45.Ra8 Rxd4 46.Rxa3 Kg6 47.Rb3 Ra4 48.Rxb7 h5 49.Rb6 hxg4+ 50.fxg4 f5
51.Rxc6 fxg4+ 52.Kg3 Kf5 53.Rb6 Rxa2 54.c6 Rc2 55.c7 Ke6 56.Rb8 Kxd6 57.c8=Q Rxc8
58.Rxc8 Ke5 59.Kxg4 Ke4 60.Re8+ Kd3 61.Kxg5 d4 62.Kf4 Kc2 63.Rd8  1-0

[Event "Politiken Cup"]
[Site "Copenhagen"]
[Date "1984.??.??"]
[Round "6"]
[White "Fedder, Steen"]
[Black "Schandorff, Lars"]
[Result "1-0"]
[WhiteElo "2420"]
[BlackElo "2310"]

1.d4 d5 2.c4 e6 3.Nf3 Nf6 4.g3 Be7 5.Bg2 O-O 6.O-O dxc4 7.Qc2 a6 8.Qxc4 b5
9.Qc2 Bb7 10.Rd1 Be4 11.Qb3 Nc6 12.Bg5 Bd5 13.Qe3 Nb4 14.Bxf6 gxf6 15.Qd2 Bxa2
16.Nc3 Bd5 17.Nxd5 Nxd5 18.e4 Nb4 19.d5 Re8 20.Rac1 Rc8 21.Bh3 Bd6 22.Qh6 c5
23.dxe6 fxe6 24.e5 Bf8 25.Bxe6+ Rxe6 26.Rxd8 Rxd8 27.Qh3 Rde8 28.Rd1 fxe5
29.Ng5 R6e7 30.Ne4 Bg7 31.Rd7 c4 32.Rxe7 Rxe7 33.Qc8+ Kf7 34.Nd6+ Kg6 35.Qg4+  1-0

[Event "Politiken Cup"]
[Site "Copenhagen"]
[Date "1984.??.??"]
[Round "7"]
[White "Lengyel, Levente"]
[Black "Westerinen, Heikki MJ"]
[Result "1/2-1/2"]
[WhiteElo "2415"]
[BlackElo "2385"]

1.d4 d5 2.c4 e6 3.Nf3 Nf6 4.g3 Be7 5.Bg2 O-O 6.O-O c6 7.Qc2 b6 8.b3 Bb7 9.Nc3 Nbd7
10.Rd1 Rc8 11.e4 dxe4 12.Nxe4 c5 13.Nxf6+ Bxf6 14.Ng5 Bxg5 15.Bxb7 Rc7 16.Be4 cxd4
17.Bxg5 Qxg5 18.Rxd4 Nf6 19.Bg2 b5 20.Rad1 bxc4 21.Rxc4 Rxc4 22.Qxc4 Qa5
23.b4 Qa4 24.Rd3 a5 25.a3 axb4 26.Bc6 Qa7 27.axb4 Rc8 28.Qd4 Qxd4 29.Rxd4 Kf8
30.b5 Ke7 31.Kg2 Nd5 32.Bxd5 Rd8 33.Rg4 Rxd5 34.Rxg7 h5 35.b6 Rb5 36.h4 Rxb6
37.Rg5 Kf6 38.Rxh5 Rb2 39.Rg5 Rb8 40.f4 Ke7 41.Kh3 Rh8 42.Kg4 f5+ 43.Kh3 Kf6
44.h5 Rh6 45.Kh4 Kf7 46.Kh3 Rh8 47.Kh4 Rh6 48.g4 fxg4 49.Kxg4 Rh8 50.Rg6 Ra8
51.Kg5 Ra5+ 52.Kh6 Rf5 53.Rg4 Kf6 54.Rg6+ Kf7 55.Rg7+ Kf6 56.Rg4 Kf7 57.Rh4 Kf6
58.Rg4 Kf7  1/2-1/2

[Event "New Delhi"]
[Site "Delhi"]
[Date "1984.??.??"]
[Round "?"]
[White "Kuzmin, Gennadi P"]
[Black "Spassov, Liuben"]
[Result "1-0"]
[WhiteElo "2505"]
[BlackElo "2475"]

1.d4 Nf6 2.c4 e6 3.g3 d5 4.Bg2 Be7 5.Nf3 O-O 6.O-O dxc4 7.Qc2 a6 8.Nbd2 b5
9.Ng5 c6 10.b3 h6 11.Ngf3 cxb3 12.Nxb3 Bb7 13.Nc5 Qc8 14.Ne5 Nfd7 15.Nxb7 Nxe5
16.Na5 Bb4 17.dxe5 Bxa5 18.Be3 Bc7 19.f4 Qb7 20.Qc5 Bd8 21.f5 Be7 22.Qc2 exf5
23.Rad1 Qc8 24.Bh3 Qc7 25.Bxf5 Qxe5 26.Bd4 Qc7 27.Qe4 Ra7 28.Qg4 Bg5 29.h4 c5
30.Ba1 Be3+ 31.Kh2 Bd4 32.Rxd4 cxd4 33.Bxd4 f6 34.Qg6 Rf7 35.Rf3 Nc6 36.Qh7+ Kf8
37.Bc5+ Re7 38.Be4  1-0

[Event "DDR-ch 33th"]
[Site "Eilenburg"]
[Date "1984.??.??"]
[Round "13"]
[White "Gruenberg, Hans Ulrich"]
[Black "Tischbierek, Raj"]
[Result "1/2-1/2"]
[WhiteElo "2440"]
[BlackElo "2450"]

1.d4 Nf6 2.c4 e6 3.g3 d5 4.Bg2 Be7 5.Nf3 O-O 6.O-O dxc4 7.Qc2 a6 8.Qxc4 b5
9.Qc2 Bb7 10.Bd2 Be4 11.Qc1 Qc8 12.Bg5 Nbd7 13.Nbd2 Bb7 14.Nb3 c5 15.Nxc5 Nxc5
16.dxc5 Qxc5 17.Qxc5 Bxc5 18.Bxf6 gxf6 19.Rfd1 Bxf3 20.Bxf3 Rad8 21.Kg2 Bd4
22.Rd2 Be5 23.Rad1 Bc7 24.Bb7 a5 25.Bc6 Rxd2 26.Rxd2 b4 27.Rd7 Be5 28.b3 Rc8
29.Be4 f5 30.Bd3 Kg7 31.Ra7 Rc5 32.Bc4 Kf6 33.e3 Kg6 34.f4 Bc3 35.Kf3 Bf6
36.Ra6 Kg7 37.Ke2 h6 38.Kf2 Bc3 39.Kg2 Rc7 40.Rxa5 Rd7 41.a4 bxa3 42.Rxa3 Rd2+
43.Kg1 Rb2 44.Ra7 Kf6 45.Rd7 Rb1+ 46.Kg2 Rb2+  1/2-1/2

[Event "Bundesliga 8384"]
[Site "Germany"]
[Date "1984.??.??"]
[Round "?"]
[White "Smejkal, Jan"]
[Black "Pfleger, Helmut"]
[Result "1-0"]
[WhiteElo "2560"]
[BlackElo "2505"]

1.c4 Nf6 2.Nf3 e6 3.g3 d5 4.d4 Be7 5.Bg2 O-O 6.O-O dxc4 7.Qc2 a6 8.Qxc4 b5
9.Qc2 Bb7 10.Bd2 Be4 11.Qc1 Nc6 12.Be3 Nb4 13.Nbd2 Bb7 14.Bg5 a5 15.a3 Nbd5
16.Ne5 h6 17.Bxf6 Bxf6 18.Nb3 Ra7 19.Rd1 Qd6 20.Nc5 Ba8 21.Ne4 Qe7 22.Nxf6+ Nxf6
23.Bxa8 Raxa8 24.Qc2 Rfc8 25.Rac1 Nd7 26.Nc6 Qd6 27.Qb3 Ra6 28.d5 e5 29.Qxb5 Rb6
30.Qd3 Rxb2 31.Nxa5 Ra2 32.Nc4 Qf6 33.Kf1 Rb8 34.Rb1 Qd8 35.Qf5 Nf6 36.Nxe5 Rxb1
37.Rxb1 g6 38.Nxg6 fxg6 39.Qxg6+ Kh8 40.d6 Ng8 41.Qe6 Rc2 42.Rd1 cxd6 43.Rxd6 Rc1+
44.Kg2 Qa8+ 45.e4 Qa5 46.Rd7 Qb5 47.Kh3 Qh5+ 48.Kg2 Qb5 49.Kh3 Qh5+ 50.Kg2 Qb5
51.Qf7  1-0

[Event "Bundesliga 8384"]
[Site "Germany"]
[Date "1984.??.??"]
[Round "?"]
[White "Reefschlaeger, Helmut"]
[Black "Goehring, Karl Heinz"]
[Result "1-0"]
[WhiteElo "2405"]
[BlackElo "2355"]

1.d4 Nf6 2.c4 e6 3.g3 d5 4.Bg2 Be7 5.Nf3 O-O 6.O-O dxc4 7.Qc2 a6 8.Qxc4 b5
9.Qc2 Bb7 10.Bd2 Nbd7 11.Ba5 Nb6 12.Nbd2 Rc8 13.Qd3 Nfd5 14.a3 Qe8 15.Rfc1 Nd7
16.e4 N5b6 17.b4 c6 18.h4 h6 19.Bxb6 Nxb6 20.Nb3 Nc4 21.Nfd2 Nxd2 22.Qxd2 Qd7
23.Qe2 Bd8 24.Nc5 Qe7 25.e5 Bb6 26.Rd1 Rfd8 27.Ra2 a5 28.Rad2 axb4 29.axb4 Ra8
30.Be4 Ra3 31.Bc2 g6 32.Qe4 h5 33.Qf4 Bxc5 34.dxc5 Rd5 35.Be4 Rxd2 36.Qxd2 Ra4
37.Qd6 Qxd6 38.cxd6 Ra8 39.Rc1 Rc8 40.Ra1 Kf8 41.Ra7 Rb8 42.Kf1 Ke8 43.Rxb7  1-0

[Event "Bundesliga 8384"]
[Site "Germany"]
[Date "1984.??.??"]
[Round "?"]
[White "Gruen, Peter"]
[Black "Lobron, Eric"]
[Result "1/2-1/2"]
[WhiteElo "2325"]
[BlackElo "2520"]

1.d4 d5 2.c4 e6 3.Nf3 Nf6 4.g3 Be7 5.Bg2 O-O 6.O-O dxc4 7.Qc2 a6 8.Qxc4 b5
9.Qc2 Bb7 10.Bd2 Be4 11.Qc1 Nc6 12.Be3 Rc8 13.Rd1 Nb4 14.Nc3 Ba8 15.Bg5 Nbd5
16.Bxf6 Nxf6 17.a3 Bd6 18.b4 Qe7 19.Qe3 Rfd8 20.Ne5 Bxg2 21.Kxg2 c6 22.Nd3 a5
23.Nc5 Ra8 24.N3e4 Nd5 25.Qb3 Bc7 26.Nc3 Bb6 27.Nxd5 cxd5 28.e3 Bxc5 29.dxc5 Ra7
30.a4 axb4 31.axb5 Rxa1 32.Rxa1 Qxc5  1/2-1/2

[Event "Graz"]
[Site "Graz"]
[Date "1984.??.??"]
[Round "?"]
[White "Tatai, Stefano"]
[Black "Herzog, Adolf"]
[Result "1-0"]
[WhiteElo "2490"]
[BlackElo "2455"]

1.d4 Nf6 2.c4 e6 3.g3 d5 4.Bg2 Be7 5.Nf3 O-O 6.O-O b6 7.Nc3 Bb7 8.cxd5 Nxd5
9.Nxd5 exd5 10.Bf4 Nd7 11.Qa4 c5 12.Rfd1 a6 13.dxc5 Nxc5 14.Qc2 Rc8 15.Bh3 Ne6
16.Qd2 Rc4 17.Bxe6 fxe6 18.Nd4 Rf6 19.Qe3 Bd6 20.Be5 Rh6 21.Qf4 Be7 22.b3 Rc5
23.Nf3 Bf6 24.Bxf6 Rxf6 25.Qe5 Qc7 26.Qxc7 Rxc7 27.Rac1 Rff7 28.Ne5 Rfe7
29.f4 a5 30.Kf2 Rc5 31.Nd3 Rcc7 32.a3 Ba6 33.Ne5 Bb5 34.Ke3 a4 35.b4 g6 36.g4 Kg7
37.g5 d4+ 38.Kxd4 Bxe2 39.Re1 Bb5 40.Ke3 Kf8 41.Red1 Rxc1 42.Rxc1 Rb7 43.Rc8+ Ke7
44.Rh8 Kd6 45.Kd4 Be2 46.Rd8+ Kc7 47.Rd7+ Kc8 48.Rxb7 Kxb7 49.Nd7 Kc6 50.Nf6 Kd6
51.Nxh7 Bg4 52.Nf6 Bf5 53.h4 Bc2 54.h5 gxh5 55.Nxh5 Bb1 56.Nf6 Bc2 57.Ne4+ Ke7
58.Ke5 Bd3 59.Nc3 Bc2 60.Nb5 Bb1 61.Nd4 Ba2 62.g6 Bc4 63.Nc6+  1-0

[Event "Hastings8485"]
[Site "Hastings"]
[Date "1984.??.??"]
[Round "10"]
[White "Fedorowicz, John P"]
[Black "Flear, Glenn C"]
[Result "1/2-1/2"]
[WhiteElo "2485"]
[BlackElo "2455"]

1.d4 Nf6 2.c4 e6 3.g3 d5 4.Nf3 Be7 5.Bg2 O-O 6.O-O dxc4 7.Qa4 a6 8.Qxc4 b5
9.Qc2 Bb7 10.Bd2 Ra7 11.Bg5 Nbd7 12.Nbd2 c5 13.dxc5 Bxc5 14.Nb3 Bb6 15.a4 bxa4
16.Nbd2 Qa8 17.Nc4 Bc5 18.Qxa4 Rc8 19.Rac1 Bc6 20.Qa5 Bd5 21.Ne3 Be4 22.Nc4 Rac7
23.b3 Nd5 24.Bd2  1/2-1/2

[Event "Hastings8485"]
[Site "Hastings"]
[Date "1984.??.??"]
[Round "12"]
[White "Ravikumar, Vaidyanathan"]
[Black "Flear, Glenn C"]
[Result "0-1"]
[WhiteElo "2385"]
[BlackElo "2455"]

1.c4 e6 2.Nf3 Nf6 3.g3 d5 4.d4 Be7 5.Bg2 O-O 6.O-O dxc4 7.Ne5 Nc6 8.Nxc6 bxc6
9.Na3 Bxa3 10.bxa3 Nd5 11.Qc2 Ba6 12.Rd1 Qe7 13.e4 Nb6 14.Rb1 Bb5 15.Re1 Rfd8
16.Bb2 Rab8 17.Re3 Na4 18.Ba1 e5 19.dxe5 Qd7 20.Bf1 Nc5 21.Bxc4 Bxc4 22.Rxb8 Rxb8
23.Qxc4 Rb1+ 24.Kg2 Ne6 25.Rd3 Qc8 26.Bc3 h5 27.h4 Nf4+ 28.gxf4 Qg4+ 29.Rg3 Qd1  0-1

[Event "NLD-ch"]
[Site "Hilversum"]
[Date "1984.??.??"]
[Round "6"]
[White "Scheeren, Peter"]
[Black "Van Wijgerden, Cornelis"]
[Result "1-0"]
[WhiteElo "2445"]
[BlackElo "2435"]

1.d4 Nf6 2.c4 e6 3.g3 d5 4.Bg2 Be7 5.Nf3 O-O 6.O-O Nbd7 7.Qc2 c6 8.Nbd2 b6
9.e4 Bb7 10.b3 Rc8 11.Bb2 c5 12.exd5 exd5 13.Ne5 cxd4 14.Bxd4 Ba6 15.Rfd1 Nxe5
16.Bxe5 Ng4 17.Nf3 Nxe5 18.Nxe5 Qc7 19.Qf5 Bf6 20.Rxd5 Bb7 21.Rb5 Ba6 22.Be4 Rfd8
23.Nc6 Kf8 24.Nxd8 Rxd8 25.Re1 Bxb5 26.Qxb5 Qe7 27.Re2 g6 28.Bf3 Qa3 29.Bd5 Qc1+
30.Kg2 Qd1 31.Re3 Kg7 32.Qc6 Qd4 33.Qc7 Rxd5 34.cxd5 Qxd5+ 35.Rf3  1-0

[Event "NLD-ch"]
[Site "Hilversum"]
[Date "1984.??.??"]
[Round "10"]
[White "Scheeren, Peter"]
[Black "Van der Sterren, Paul"]
[Result "1-0"]
[WhiteElo "2445"]
[BlackElo "2455"]

1.d4 Nf6 2.c4 e6 3.g3 d5 4.Bg2 Be7 5.Nf3 O-O 6.O-O dxc4 7.Qc2 a6 8.a4 Bd7
9.Ne5 Bc6 10.Nxc6 Nxc6 11.e3 Nd5 12.a5 b5 13.axb6 cxb6 14.Qxc4 Na5 15.Qe2 Rc8
16.Nc3 Nb4 17.Rd1 Nb3 18.Rb1 b5 19.Bd2 Qb6 20.Be1 Rfd8 21.d5 e5 22.Qh5 Qc7
23.d6 Bxd6 24.Ne4 Be7 25.Bxb4 Bxb4 26.Nf6+ gxf6 27.Qg4+ Kh8 28.Qxb4 Nc5 29.Qh4 Qe7
30.Bh3 Ne6 31.Bf5 Ng5 32.Kg2 Qb7+ 33.e4 Rb8 34.Qh6  1-0

[Event "ISR-ch"]
[Site "?"]
[Date "1984.??.??"]
[Round "?"]
[White "Birnboim, Nathan"]
[Black "Bruk, Ofer"]
[Result "1-0"]
[WhiteElo "2440"]
[BlackElo "2325"]

1.d4 Nf6 2.c4 e6 3.g3 d5 4.Bg2 Be7 5.Nf3 O-O 6.O-O dxc4 7.Qc2 a6 8.a4 Bd7
9.Qxc4 Bc6 10.Bf4 Nbd7 11.Qc2 Nd5 12.Nc3 Nxf4 13.gxf4 Nf6 14.e3 Nd5 15.a5 Rc8
16.Rfd1 Qe8 17.Qb3 Nb4 18.e4 Bb5 19.Ne5 Kh8 20.Nxb5 axb5 21.d5 exd5 22.exd5 Na6
23.Re1 Nc5 24.Qc2 Qd8 25.Ra3 Qd6 26.Rh3 h6 27.Ng4 f5 28.Ne5 Rf6 29.Qe2 Ne4
30.Qxb5 Qb4 31.Qxb4 Bxb4 32.Ra1 Ra8 33.Rb3 Rxa5 34.Rxa5 Bxa5 35.Rxb7 Kh7
36.Bxe4 fxe4 37.Nc4 Ra6 38.b4 Bb6 39.d6 Ra1+ 40.Kg2 Rc1 41.Nxb6 cxb6 42.d7 Rd1
43.f5 Rd2 44.Kg3  1-0

[Event "Kragujevac"]
[Site "Kragujevac"]
[Date "1984.??.??"]
[Round "1"]
[White "Padevsky, Nikola"]
[Black "Trifunovic, Miroljub"]
[Result "1/2-1/2"]
[WhiteElo "2445"]
[BlackElo "2330"]

1.d4 d5 2.c4 e6 3.Nf3 Nf6 4.g3 Be7 5.Bg2 O-O 6.O-O dxc4 7.Qc2 a6 8.a4 Nbd7
9.Qxc4 b5 10.Qd3 Bb7 11.Bg5 Bd5 12.Qc2 Be4 13.Qc1 c5 14.Bxf6 Bxf6 15.dxc5 Rc8
16.axb5 Nxc5 17.Qe3 axb5 18.Nc3  1/2-1/2

[Event "London"]
[Site "London"]
[Date "1984.??.??"]
[Round "?"]
[White "Seirawan, Yasser"]
[Black "Karpov, Anatoly"]
[Result "1/2-1/2"]
[WhiteElo "2525"]
[BlackElo "2700"]

1.d4 Nf6 2.c4 e6 3.g3 d5 4.Nf3 Be7 5.Bg2 O-O 6.O-O dxc4 7.Qa4 a6 8.Qxc4 b5
9.Qc2 Bb7 10.Bf4 Bd6 11.Nbd2 Bxf4 12.gxf4 Nbd7 13.e3 Rc8 14.b4 Nb6 15.a3 g6
16.Rfc1 Bd5 17.Ne5 Bxg2 18.Kxg2 Nfd5 19.Qe4 Ra8 20.Nc6 Qd7 21.Na5 Nc8 22.Kh1 Nd6
23.Qg2 Kh8 24.Rc5 Rg8 25.Nf1 Qe7 26.Ng3 f5 27.Nc6 Qf6 28.Rac1 g5 29.fxg5 Qxg5
30.Rxd5 exd5 31.Qxd5 f4 32.Qxg5 Rxg5 33.exf4 Rg4 34.Ne5 Rxf4 35.Rxc7 Raf8
36.Rd7 Nc4 37.f3 Nxe5 38.dxe5 Rxf3 39.e6 Rxa3 40.Nf5 Rg8 41.Rd1 Rf3 42.Nh6 Re8
43.Rg1 Ref8 44.Rg4 R3f6 45.Nf7+ R8xf7 46.exf7 Rxf7 47.Kg2 Rf6 48.Kg3 h6 49.Rf4 Rg6+
50.Kh4 Rd6 51.Rf7 Rd4+ 52.Kh5 Rxb4 53.Ra7  1/2-1/2

[Event "URS-World"]
[Site "London"]
[Date "1984.??.??"]
[Round "4.8"]
[White "Razuvaev, Yuri S"]
[Black "Huebner, Robert"]
[Result "1/2-1/2"]
[WhiteElo "2500"]
[BlackElo "2620"]

1.d4 Nf6 2.c4 e6 3.g3 d5 4.Bg2 Be7 5.Nf3 O-O 6.Qc2 dxc4 7.Qxc4 a6 8.Bg5 b5
9.Qc2 Bb7 10.Nbd2 Nbd7 11.O-O Rc8 12.Bxf6 Nxf6 13.Nb3 Be4 14.Qc1 c5 15.dxc5 Qc7
16.Qf4 Qxf4 17.gxf4 Bxc5 18.Ne5 Bxg2 19.Kxg2 Bd6 20.Nd3 Nd5 21.e3 Nb6  1/2-1/2

[Event "Lvov"]
[Site "Lvov"]
[Date "1984.??.??"]
[Round "1"]
[White "Dorfman, Josif D"]
[Black "Boensch, Uwe"]
[Result "1-0"]
[WhiteElo "2515"]
[BlackElo "2425"]

1.d4 Nf6 2.Nf3 e6 3.g3 d5 4.Bg2 Be7 5.c4 O-O 6.Qc2 dxc4 7.Qxc4 a6 8.Bf4 Nd5
9.Nc3 b5 10.Qd3 Bb7 11.Nxd5 Bxd5 12.O-O Nd7 13.Rfd1 c5 14.e4 Bb7 15.d5 exd5
16.exd5 Bf6 17.Qc2 Re8 18.h4 h6 19.Nd2 Qb6 20.Ne4 Be5 21.Bh3 Rad8 22.Bxd7 Rxd7
23.Bxe5 Rxe5 24.Nxc5 Rc7 25.b4 Bxd5 26.f4 Be4 27.Qf2 Rexc5 28.bxc5 Rxc5 29.Rac1 Rxc1
30.Qxb6 Rxd1+ 31.Kf2 f5 32.g4 Kh7 33.Qe6 Bb1 34.gxf5 Rd2+ 35.Ke3 Rd3+ 36.Ke2 Rg3
37.Kf2 Rg4 38.Kf3 Rg1 39.Qxa6 Bxf5 40.Qxb5 Bg6 41.a4 Rb1 42.h5 Bc2 43.Qc4 Bd1+
44.Ke3 Ra1 45.Qc3 Rxa4 46.Qd3+ Kg8 47.Qxd1 Ra3+ 48.Kf2 Ra2+ 49.Kf3 Ra3+ 50.Kg4 Kh7
51.Qd4 Kh8 52.Kf5 Ra6 53.Qd5 Rf6+ 54.Ke5 Rf8 55.Qe6 Kh7 56.f5 Kh8 57.Ke4 Kh7
58.Qe7 Kg8 59.Ke5 Rf7 60.Qe6 Kf8 61.Qc8+ Ke7 62.Qg8  1-0

[Event "Neskaupstad"]
[Site "Neskaupstad"]
[Date "1984.??.??"]
[Round "?"]
[White "Petursson, Margeir"]
[Black "McCambridge, Vincent"]
[Result "1-0"]
[WhiteElo "2465"]
[BlackElo "2465"]

1.d4 Nf6 2.c4 e6 3.Nf3 d5 4.g3 Be7 5.Bg2 O-O 6.O-O dxc4 7.Qc2 Nc6 8.Qxc4 Qd5
9.Qxd5 exd5 10.Nc3 Bf5 11.Bf4 Rac8 12.Rfd1 Na5 13.Ne5 c6 14.Rac1 Rfd8 15.Na4 Ne4
16.f3 Nd6 17.g4 Bg6 18.b3 Re8 19.Bd2 Bd8 20.e3 f6 21.Nxg6 hxg6 22.Kf2 f5
23.h3 Kf7 24.Nc5 Bb6 25.Nd3 Kf6 26.Rc5 Bxc5 27.dxc5 Ndc4 28.Bc3+ Kf7 29.bxc4 Nxc4
30.Bd4 b6 31.Bf1 Rb8 32.Be2 Rb7 33.f4 Rbe7 34.Rc1 Rh8 35.Kg3 b5 36.Ne5+ Nxe5
37.Bxe5 a5 38.Bd3 Ke6 39.h4 Rf7 40.h5 gxh5 41.Bxf5+  1-0

[Event "New York op"]
[Site "New York"]
[Date "1984.??.??"]
[Round "4"]
[White "Alburt, Lev O"]
[Black "Weinstein, Norman"]
[Result "1-0"]
[WhiteElo "2515"]
[BlackElo "2455"]

1.d4 Nf6 2.c4 e6 3.g3 d5 4.Bg2 Be7 5.Nf3 O-O 6.O-O dxc4 7.Qc2 a6 8.Qxc4 b5
9.Qc2 Bb7 10.Bd2 Be4 11.Qc1 Nc6 12.Be3 Rc8 13.Nbd2 Bd5 14.Rd1 Na5 15.Ne5 c6
16.Ndf3 Qb6 17.Bg5 Rfd8 18.Qf4 Bxf3 19.Bxf3 h6 20.Bh4 Nc4 21.b3 Nxe5 22.dxe5 g5
23.exf6 gxf4 24.fxe7 Re8 25.Rd7 Kg7 26.Rad1 Rc7 27.gxf4 Qb7 28.Kh1 Rxd7 29.Rg1+ Kh7
30.Bf6 Rd5 31.Rg7+ Kh8 32.Rxf7+ Kg8 33.Rg7+ Kh8 34.e4 Rd7 35.Bh5 Rd1+ 36.Rg1+ Kh7
37.Bg6+ Kg8 38.Rxd1  1-0

[Event "New York op"]
[Site "New York"]
[Date "1984.??.??"]
[Round "6"]
[White "Sosonko, Gennadi"]
[Black "Zuckerman, Bernard"]
[Result "1-0"]
[WhiteElo "2560"]
[BlackElo "2490"]

1.d4 d5 2.Nf3 Nf6 3.c4 e6 4.g3 Be7 5.Bg2 O-O 6.O-O dxc4 7.Qc2 a6 8.Qxc4 b5
9.Qc2 Bb7 10.Bd2 Be4 11.Qc1 Nc6 12.Be3 Nb4 13.Nbd2 Bb7 14.Bg5 Rc8 15.a3 Nbd5
16.b4 a5 17.e4 Nb6 18.bxa5 Na4 19.e5 Nd7 20.Bxe7 Qxe7 21.Qb1 Ba6 22.Ne4 h6
23.Qb4 c5 24.dxc5 Ndxc5 25.Rfd1 Rc7 26.Nd6 f6 27.Rac1 Rd8 28.Nd4 fxe5 29.N4xb5 Rcd7
30.Bc6 Bxb5 31.Bxd7 Bxd7 32.Nb7 Rb8 33.a6 Bc6 34.a7 Rxb7 35.a8=Q+ Kh7 36.Qg4 Rb6
37.Qd8 Qb7 38.Qf8 Ne4 39.Rd8 Ng5 40.Qg8+ Kg6 41.Q8xe6+ Kh7 42.Qgf5+  1-0

[Event "Nuoro"]
[Site "Nuoro"]
[Date "1984.??.??"]
[Round "?"]
[White "Lanzani, Mario"]
[Black "Sanna, Gianlazzaro"]
[Result "1-0"]
[WhiteElo "2200"]
[BlackElo "2315"]

1.d4 d5 2.Nf3 Nf6 3.c4 e6 4.g3 Be7 5.Bg2 O-O 6.O-O dxc4 7.Qc2 a6 8.Qxc4 b5
9.Qc2 Bb7 10.Bf4 Bd6 11.Nbd2 Bxf4 12.gxf4 Qd6 13.e3 Nbd7 14.Rac1 Rac8 15.Nb3 Be4
16.Qd2 Qd5 17.Qe2 c5 18.Nbd2 Bxf3 19.Nxf3 c4 20.Ne5 Qd6 21.Qd2 Rfd8 22.Qa5 Nd5
23.b3 Qb6 24.Qxb6 N7xb6 25.bxc4 bxc4 26.Bh3 g6 27.Rfe1 a5 28.a3 Rc7 29.Rc2 Kf8
30.Rec1 c3 31.Bg2 Na4 32.Bxd5 exd5 33.Nd3 Rb8 34.Nc5 Nxc5 35.Rxc3 Nb3 36.Rxc7 Nxc1
37.Rxc1 Rb3 38.Rc5 Rxa3 39.Rxd5 Ra1+ 40.Kg2 a4 41.Ra5 a3 42.Ra7 Kg7 43.Kf3 h5
44.Ke4 h4 45.Kf3 Kf8 46.Kg4 Ra2 47.h3 Ra1 48.f5 a2 49.Kxh4 gxf5 50.Kh5 f4
51.exf4 Rd1 52.Rxa2 Rxd4 53.f5 Kg7 54.Kg5 f6+ 55.Kh5 Rd7 56.Ra3 Rb7 57.Rg3+ Kh7
58.Rg6 Rb6 59.Kg4 Rb2 60.f4 Rg2+ 61.Kf3 Rh2 62.Kg3 Rh1 63.Rxf6 Kg7 64.Rg6+ Kf7
65.Kh4 Rf1 66.Ra6 Rg1 67.Ra3 Kf6 68.Rg3 Ra1 69.Kg4 Ra8 70.h4 Rg8+ 71.Kf3 Rh8
72.Rg6+ Kxf5 73.Rg5+ Kf6 74.h5 Rh7 75.Kg4 Rh8 76.Rg6+ Kf7 77.Kg5 Ra8 78.h6 Ra1
79.Rg7+ Kf8 80.f5 Rg1+ 81.Kf6 Rh1 82.Kg6 Rg1+ 83.Kh7 Rf1 84.Ra7 Rg1 85.f6 Rf1
86.Kg6 Rg1+ 87.Kf5 Rf1+ 88.Ke6 Re1+ 89.Kd5  1-0

[Event "NOR-ch"]
[Site "Oslo"]
[Date "1984.??.??"]
[Round "7"]
[White "Hovde, Frank"]
[Black "Kristiansen, Erling"]
[Result "1/2-1/2"]
[WhiteElo "2205"]
[BlackElo "2320"]

1.Nf3 Nf6 2.c4 e6 3.d4 d5 4.g3 Be7 5.Bg2 O-O 6.O-O Nbd7 7.Qc2 dxc4 8.Qxc4 Nb6
9.Qc2 Nbd5 10.Nc3 c5 11.Rd1 Qc7 12.Nxd5 Nxd5 13.a3 b6 14.e4 cxd4 15.Nxd4 Qxc2
16.Nxc2 Nf6 17.e5 Nd5 18.Ne3 Nxe3 19.Bxe3 Rb8 20.Rac1 Rd8 21.Rxd8+ Bxd8 22.Rd1 Bc7
23.Bc6 h6 24.f4 g6 25.Kf2 Kg7 26.b4 a6 27.a4 Bb7 28.Rc1 Bd8 29.b5 axb5 30.axb5 g5
31.Kf3 Kg6  1/2-1/2

[Event "Pernik"]
[Site "Pernik"]
[Date "1984.??.??"]
[Round "10"]
[White "Szekely, Peter"]
[Black "Nenkov, Ljudmil"]
[Result "1-0"]
[WhiteElo "2430"]
[BlackElo "2245"]

1.Nf3 d5 2.c4 e6 3.g3 Nf6 4.Bg2 Be7 5.d4 O-O 6.Qc2 b6 7.cxd5 exd5 8.O-O Bb7
9.Nc3 Nbd7 10.Rd1 a6 11.Bf4 c6 12.Rac1 Ra7 13.Qb3 b5 14.Qc2 Nh5 15.Bd2 Bd6
16.e4 b4 17.Na4 dxe4 18.Qxe4 Nhf6 19.Qc2 Nd5 20.Re1 Re8 21.Nc5 Bxc5 22.dxc5 a5
23.Nd4 Rxe1+ 24.Rxe1 Nf8 25.Qf5 Ra8 26.Bxd5 Qxd5 27.Qxd5 cxd5 28.Re7 Ba6
29.c6 Ne6 30.Nxe6 fxe6 31.c7 Rc8 32.Bf4 Bc4 33.Rd7 Rxc7 34.Rd8+  1-0

[Event "Plovdiv"]
[Site "Plovdiv"]
[Date "1984.??.??"]
[Round "13"]
[White "Donchev, Dimitar I"]
[Black "Rivas Pastor, Manuel"]
[Result "1/2-1/2"]
[WhiteElo "2490"]
[BlackElo "2500"]

1.Nf3 Nf6 2.c4 e6 3.g3 d5 4.Bg2 Be7 5.d4 O-O 6.O-O dxc4 7.a4 Nc6 8.Nc3 Na5
9.e4 Nb3 10.Rb1 c5 11.dxc5 Nxc5 12.Ne5 Qxd1 13.Rxd1 Bd7 14.Be3 Rfd8 15.Nxc4  1/2-1/2

[Event "POL-ch"]
[Site "Poznan"]
[Date "1984.??.??"]
[Round "4"]
[White "Szymczak, Zbigniew"]
[Black "Staniszewski, Piotr"]
[Result "0-1"]
[WhiteElo "2355"]
[BlackElo "2405"]

1.d4 Nf6 2.c4 e6 3.g3 d5 4.Bg2 Be7 5.Nf3 O-O 6.O-O dxc4 7.Ne5 Qd6 8.Nxc4 Qa6
9.Qb3 Rd8 10.Nc3 Nc6 11.e3 Rb8 12.Rd1 b5 13.Ne5 Nxe5 14.dxe5 Nd7 15.f4 Bb7
16.Qc2 Bxg2 17.Qxg2 Nc5 18.Bd2 Nd3 19.Be1 c5 20.Qe2 c4 21.Ne4 Qb7 22.Nf2 Nxf2
23.Qxf2 b4 24.Rd4 Rxd4 25.exd4 Qe4 26.Rc1 Rc8 27.Bd2 f5 28.h3 Qd3 29.Qe3 Qxe3+
30.Bxe3 h5 31.Kf2 Kf7 32.Ke2 a5 33.Rd1 c3 34.bxc3 Rxc3 35.Rc1 Ra3 36.Rc2 a4
37.Kd2 g6 38.h4 Ke8 39.Bf2 Kd7 40.Kc1 b3 41.axb3 axb3 42.Rb2 Bb4 43.Rb1 Bc3
44.d5 exd5 45.Bc5 b2+ 46.Kc2  0-1

[Event "Tatran Cup"]
[Site "Stary Smokovec"]
[Date "1984.??.??"]
[Round "2"]
[White "Lechtynsky, Jiri"]
[Black "Vilela, Jose Luis"]
[Result "0-1"]
[WhiteElo "2440"]
[BlackElo "2410"]

1.Nf3 Nf6 2.d4 e6 3.g3 d5 4.Bg2 Be7 5.c4 O-O 6.O-O dxc4 7.Ne5 Nc6 8.Nxc6 bxc6
9.Na3 Bxa3 10.bxa3 Nd5 11.Qa4 Nb6 12.Qxc6 Rb8 13.Qc5 Qd6 14.Bf4 Qxc5 15.dxc5 Nd5
16.Be5 f6 17.Bd4 Rd8 18.Rfd1 Ba6 19.Rac1 Kf7 20.f4 Bb5 21.Kf2 Ke7 22.e4 Ba4
23.exd5 Bxd1 24.Rxd1 exd5 25.Re1+ Kf7 26.c6 Rb5 27.Bh3 Re8 28.Rxe8 Kxe8 29.Bc3 Rb1
30.Ke3 Rh1 31.Bd7+ Kd8 32.h4 Rg1 33.g4 Rg3+ 34.Kd2 d4 35.Bb4 Rg2+ 36.Kd1 c3  0-1